Alphabet in alphabetical order - Statistics

General Stats
  • This quiz has been taken 278 times
  • The average score is 24 of 26
Answer Stats
Answer % Correct
a
100%
b
99%
c
99%
d
99%
e
99%
f
98%
g
98%
h
95%
i
95%
j
94%
k
93%
l
93%
m
93%
n
93%
o
93%
p
92%
q
92%
r
90%
s
90%
t
90%
u
90%
v
90%
w
87%
x
85%
y
84%
z
81%
No matching quizzes found
Score Distribution
Percent of People with Each Score
Percentile by Number Answered
Your Score History
You have not taken this quiz